| 000 | 00714cam a22002533a 4500 | ||
|---|---|---|---|
| 001 | 13132 | ||
| 003 | PGUSA | ||
| 005 | 20140828083301.0 | ||
| 008 | 040807s2004||||xxu|||||s|||||000 | eng d | ||
| 040 |
_aPGUSA _beng |
||
| 042 | _adc | ||
| 050 | 4 | _aDA | |
| 100 | 1 |
_aMacSwiney, Terence J. _q(Terence Joseph), _d1879-1920 |
|
| 245 | 1 | 0 |
_aPrinciples of Freedom _h[electronic resource] / _cTerence J. MacSwiney |
| 260 |
_bProject Gutenberg, _c2004 |
||
| 506 | _aPublic domain in the USA. | ||
| 516 | _aElectronic text | ||
| 653 | _aHome rule -- Ireland | ||
| 653 | _aLiberty | ||
| 653 | _aIrish question | ||
| 830 | 0 |
_aProject Gutenberg _v13132 |
|
| 856 | 4 | 0 | _uhttp://www.gutenberg.org/ebooks/13132 |
| 942 | _cEB | ||
| 999 |
_c242387 _d242387 |
||